| 000 -LEADER |
| fixed length control field |
01238nam a22002297 4500 |
| 003 - CONTROL NUMBER IDENTIFIER |
| control field |
AR-BaISA |
| 005 - DATE AND TIME OF LATEST TRANSACTION |
| control field |
20231023163918.0 |
| 007 - PHYSICAL DESCRIPTION FIXED FIELD--GENERAL INFORMATION |
| fixed length control field |
ta |
| 008 - FIXED-LENGTH DATA ELEMENTS--GENERAL INFORMATION |
| fixed length control field |
220407b2009 ag ad||f |||| 000 0 spa d |
| 020 ## - INTERNATIONAL STANDARD BOOK NUMBER |
| International Standard Book Number |
9789876520515 |
| 040 ## - CATALOGING SOURCE |
| Language of cataloging |
spa |
| Transcribing agency |
AR-BaISA |
| 082 ## - DEWEY DECIMAL CLASSIFICATION NUMBER |
| Edition number |
22 |
| Classification number |
615.1 Is7fa |
| 100 1# - MAIN ENTRY--PERSONAL NAME |
| 9 (RLIN) |
410 |
| Personal name |
Isolabella, Dora |
| 245 10 - TITLE STATEMENT |
| Title |
Farmacología para nutricionistas 1 / |
| Remainder of title |
Dora Isolabella |
| 260 ## - PUBLICATION, DISTRIBUTION, ETC. |
| Place of publication, distribution, etc. |
Buenos Aires: |
| Name of publisher, distributor, etc. |
Ediciones cooperativas, |
| Date of publication, distribution, etc. |
2009 |
| 300 ## - PHYSICAL DESCRIPTION |
| Extent |
200 p.: |
| Other physical details |
il., gráfs., fotos |
| 501 ## - WITH NOTE |
| With note |
Bibliografía al final de cada capítulo. |
| 505 ## - FORMATTED CONTENTS NOTE |
| Title |
Farmacología general -- |
| -- |
Ensayos clínicos -- |
| -- |
Interacción droga-alimento -- |
| -- |
Caracterización: suplementos dietarios, fitofármacos, productos herbales, alimentos funcionales, nutracéuticos -- |
| -- |
Farmacología de las tiroides -- |
| -- |
Tratamiento farmacológico de la obesidad -- |
| -- |
Terapéutica farmacológica de la caquexia asociada al cáncer -- |
| -- |
Antiinflamatorios no esteroideos, tratamiento farmacológico de la gota -- |
| -- |
Tratamiento farmacológico de la diabetes -- |
| -- |
Conceptos de farmacoeconomía -- |
| -- |
Suplementos dietarios |
| 650 14 - SUBJECT ADDED ENTRY--TOPICAL TERM |
| 9 (RLIN) |
411 |
| Topical term or geographic name entry element |
Farmacología clínica |
| 650 10 - SUBJECT ADDED ENTRY--TOPICAL TERM |
| Topical term or geographic name entry element |
Enfermedades nutricionales y metabólicas |
| Form subdivision |
farmacología |
| 9 (RLIN) |
1999 |
| 942 ## - ADDED ENTRY ELEMENTS (KOHA) |
| Source of classification or shelving scheme |
|
| Koha item type |
Libros |
| Edition |
22 |